| 000 | 01387nam a2200313 i 4500 | ||
|---|---|---|---|
| 003 | EG-ScBUE | ||
| 005 | 20240716095912.0 | ||
| 008 | 100726t xxu||||| |||| 00| 0 eng d | ||
| 040 |
_aEG-ScBUE _bara _erda _cEG-ScBUE _dEG-ScBUE |
||
| 041 | 1 |
_aara _heng |
|
| 043 | _aar----- | ||
| 082 | 0 | 4 |
_222 _a915.6 _bك و س |
| 100 | 1 |
_916809 _aكوستيلو، د. ف. ف، _eمؤلف. |
|
| 245 | 1 | 2 |
_aالتحضر في الشرق الأوسط / _cتأليف د. ف. ف. كوستيلو ؛ ترجمة رمضان عريبي خلف الله ؛ مراجعة د. أمين توفيق الطيبي. |
| 250 | _aالطبعة الأولى. | ||
| 264 | 1 |
_aطرابلس، ليبيا : _bالمنشأة العامة للنشر والتوزيع والإعلان، _c1984. |
|
| 300 |
_a263 صفحة ؛ _c24 سم |
||
| 336 |
_2rdacontent _aنص _btxt |
||
| 337 |
_aبدون وسيط _2rdamedia _bn |
||
| 338 |
_aمجلد _bnc _2rdacarrier |
||
| 504 | _aيشتمل على إرجاعات ببليوجرافية. | ||
| 541 | _cإهداء | ||
| 546 | _aالنص باللغة العربية وتم ترجمته من اللغة الإنجليزية. | ||
| 651 | 7 |
_2BUEsh _aالشرق الأوسط _xتاريخ. |
|
| 655 | _vReading book | ||
| 700 | 1 |
_916810 _aخلف الله، رمضان عريبي، _eمترجم. |
|
| 700 | 1 |
_916811 _aطيبي، أمين توفيق، _eمراجع. |
|
| 942 |
_2ddc _cBB |
||
| 999 |
_c14551 _d14551 |
||